000 01840 a2200229 4500
001 40730
005 20260407155702.0
008 260407a2015 arg spa d
003 AR-UNSa-BCEJYS
040 _aAR-UNSa-BCEJYS
_bspa
_cAR-UNSa-BCEJYS
080 _a330.101.541
_xMacroeconomía
245 1 0 _aModern macroeconomics
020 _a978-0-262-02937-7
264 1 _aCambridge :
_bThe MIT Press
_c2015
300 _axv, 531 p.
_c23 cm.
505 _a1. Microeconomics of consumer theory - 2. Static consumption-labor framework - 3. Dynamic consumption-savings framework - 4. Inflation and interest rates in the consumption-savings framework - 5. Dynamic consumption-labor framework - 6. Firms - 7. Intertemporal fiscal policy - 8. Infinite-period framework and introduction to asset pricing - 9. Shocks - 10. History of macroeconomics - 11. Supply-side economics - 12. The Phillips curve - 13. New Keynesian economics - 14. Real business cycle theory - 15. Monetary policy in the intertemporal framework - 16. Monetary-fiscal interactions - 17. Optimal monetary policy - 18. Economic efficiency - 19. Optimal fiscal policy - 20. Optimal fiscal and monetary policy - 21. Financial accelerator and role of regulatory policy - 22. Monopolistic competition : the Dixit-Stiglitz framework - 23. A new Keynesian view of sticky prices : the Rotemberg framework - 24. Optimal monetary policy with sticky prices - 25. Solow growth framework - 26. Neoclassical growth - 27. Search, unemployment, and vacancies - 28. Matching equilibrium - 29. Long-lasting jobs - 30. Open-economy trade - 31. Fiscal theory of exchange rates
041 _aspa
942 _cBK
590 _aniveau_biblio:m niveau_hierar:0
100 1 _aChug, Sanjay K.
856 4 1 _uhttps://biblioeco.unsa.edu.ar/pmb/images/libros/L126244.jpg
_yImagen de portada
_qimage/jpeg
999 _c3296
_d3296